000 01131nam a2200253 a 4500
001 000176600
003 AM-YeHGA
005 20250617123532.0
008 950417s1990 ||||||||||||||||||||rus d
040 _aAM-YeHGA
041 0 _arus
100 1 _aОсодоев, Максим Тимофеевич
245 1 0 _aСнегогенераторы и область их применения /
_cМ.Т. Осодоев, А.И. Божедонов, Л.Г. Токарева ; Ред. Е.Н. Чемезов ; АН СССР, Сиб. отд-ние, Ин-т горн. дела Севера.
260 _aЯкутск :
_bИзд-во ЯНЦ СО АН СССР,
_c1990.
300 _a72,[1] с.
_bил. ;
_c20 см.
504 _aБиблиогр.: с. 70-72 (51 назв.)
650 1 4 _aСнегогенераторы
700 1 _aБожедонов, Авксентий Иванович
700 1 _aТокарева, Лидия Григорьевна
700 1 _aЧемезов, Е.Н.
_eред.
_4edt
710 0 _aИнститут горного дела Севера СО АН СССР
942 _2udc
_cBK
090 _c61855
999 _c60838
_d60838